000 00607nam a22001937a 4500
003 koha_MIRAKIL
005 20250114111611.0
008 250114b |||||||| |||| 00| 0 ||| d
020 _a9789750842726
040 _aTR-IsEVY
_btur
_cTR-IsEVY
082 _a398.2 ROW/Ç
100 _aRowling, J.K.
245 0 _aÇağlar boyu Quidditch /
_cJ.K. Rowling.
260 _aİstanbul :
_bYapı Kredi Kültür Sanat Yayıncılık,
_c2018.
300 _a129 s. :
_bresimli ;
_c21 cm.
650 _aChildren's literature -- Tales.
650 _aÇocuk edebiyatı -- Masal.
_vFantastik Kitaplar.
942 _2ddc
_cBK
999 _c21399
_d21399